[Event "Hastings Masters op"]
[Site "Hastings"]
[Date "2024.01.03"]
[Round "7"]
[White "Butt, Laurence"]
[Black "Kovalskyi, Roman"]
[Result "0-1"]
[WhiteElo "1688"]
[BlackElo "2009"]
[PlyCount "68"]
[EventDate "2023.12.28"]
[EventType "swiss"]
[EventRounds "9"]
[EventCountry "ENG"]
[SourceTitle "CB02_2024"]
[SourceDate "2024.01.10"]
[SourceVersion "1"]
[SourceVersionDate "2024.01.10"]
[SourceQuality "1"]

1. d4 Nf6 2. f4 d5 3. Nf3 c5 4. e3 Nc6 5. Be2 Bf5 6. 0-0 Rc8 7. c3 e6 8. Ne5 h5 9. Nd2 Bd6 10. Ndf3 Ng4 11. h3 Bxe5 12. fxe5 Nh6 13. dxc5 Be4 14. Bb5 Nf5 15. Rf2 Qc7 16. Bd2 Kf8 17. Bxc6 bxc6 18. c4 dxc4 19. Bc3 Rd8 20. Rd2 Rd3 21. Rxd3 Bxd3 22. Qe1 Qe7 23. Kh1 Kg8 24. Bd4 Rh6 25. b3 Rg6 26. bxc4 Be4 27. Qf2 Rg3 28. Kh2 Bxf3 29. gxf3 Qh4 30. Qf1 Nxd4 31. exd4 Qf4 32. Kh1 Rxf3 33. Qg2 Rf2 34. Qxc6 Qh2# 0-1

[Event "Hastings Masters op"]
[Site "Hastings"]
[Date "2023.12.31"]
[Round "4"]
[White "Kovalskyi, Roman"]
[Black "Vasiliadis, Theodoros"]
[Result "0-1"]
[WhiteElo "2009"]
[BlackElo "1845"]
[PlyCount "82"]
[EventDate "2023.12.28"]
[EventType "swiss"]
[EventRounds "9"]
[EventCountry "ENG"]
[SourceTitle "CB02_2024"]
[SourceDate "2024.01.10"]
[SourceVersion "1"]
[SourceVersionDate "2024.01.10"]
[SourceQuality "1"]

1. e4 c5 2. Nf3 Nc6 3. d4 cxd4 4. Nxd4 Nf6 5. Nc3 e5 6. Ndb5 d6 7. Nd5 Nxd5 8. exd5 Ne7 9. c4 Nf5 10. Bd3 Be7 11. 0-0 0-0 12. b3 a6 13. Nc3 Nd4 14. Be3 f5 15. f4 Bd7 16. Qd2 Rc8 17. Rad1 Qe8 18. Rfe1 Qf7 19. Bf1 Bh4 20. Bf2 Bf6 21. Bxd4 exd4 22. Ne2 Rfe8 23. Nxd4 Re4 24. Nf3 Bd8 25. Bd3 Bb6+ 26. Kf1 Rce8 27. Bxe4 fxe4 28. Ng5 Qh5 29. h3 Bg4 30. Ne6 e3 31. Qb2 Rxe6 32. dxe6 Bxd1 33. a3 e2+ 34. Rxe2 Qc5 35. Ke1 Qg1+ 36. Kd2 Bxe2 37. e7 Qe3+ 38. Ke1 Bxc4+ 39. Kd1 Bxb3+ 40. Qxb3+ Qxb3+ 41. Kd2 Kf7 0-1

[Event "EU-ch U16 rapid"]
[Site "Terme Catez"]
[Date "2023.09.28"]
[Round "2"]
[White "Kovalskyi, Roman"]
[Black "Mikko, Rondo"]
[Result "0-1"]
[WhiteElo "1903"]
[BlackElo "2154"]
[PlyCount "100"]
[EventDate "2023.09.28"]
[EventType "swiss (rapid)"]
[EventRounds "9"]
[EventCountry "SLO"]
[SourceTitle "EXT 2024"]
[Source "ChessBase"]
[SourceDate "2023.10.10"]
[SourceVersion "1"]
[SourceVersionDate "2023.10.10"]
[SourceQuality "1"]

1. e4 e5 2. Nf3 Nc6 3. Bc4 Bc5 4. c3 Nf6 5. d3 h6 6. Nbd2 0-0 7. 0-0 d6 8. Re1 Be6 9. a4 Bxc4 10. Nxc4 a6 11. Be3 Bxe3 12. Nxe3 Re8 13. Qb3 b6 14. Rad1 Qd7 15. Nh4 b5 16. axb5 axb5 17. Ra1 b4 18. Nhf5 g6 19. Ng3 Kg7 20. f3 bxc3 21. bxc3 Reb8 22. Qc2 Nd8 23. Reb1 Rxa1 24. Rxa1 Ne6 25. Ne2 Qb5 26. g3 Qc5 27. Qd2 d5 28. Kg2 dxe4 29. fxe4 Rd8 30. Qc1 Rxd3 31. Nf1 Nxe4 32. Qe1 Nxc3 33. Rc1 Qd5+ 34. Kg1 Nxe2+ 35. Qxe2 Nd4 36. Qxd3 Nf3+ 37. Qxf3 Qxf3 38. Rxc7 Qd3 39. Rc1 f5 40. Re1 Qd4+ 41. Kg2 f4 42. h3 g5 43. Re2 e4 44. Rc2 f3+ 45. Kh2 e3 46. h4 e2 47. Rc7+ Kf8 48. Rc8+ Ke7 49. Ne3 Qxe3 50. g4 Qf2+ 0-1

[Event "Pardubice rapid op 33rd"]
[Site "Pardubice"]
[Date "2022.07.20"]
[Round "2"]
[White "Vykouk, Jan"]
[Black "Kovalskyi, Roman"]
[Result "1-0"]
[WhiteElo "2476"]
[BlackElo "2056"]
[PlyCount "103"]
[EventDate "2022.07.20"]
[EventType "swiss (rapid)"]
[EventRounds "9"]
[EventCountry "CZE"]
[SourceTitle "CBM 209 Extra"]
[Source "ChessBase"]
[SourceDate "2022.09.30"]
[SourceVersion "1"]
[SourceVersionDate "2022.09.30"]
[SourceQuality "1"]

1. e4 c5 2. Nf3 g6 3. d4 cxd4 4. Nxd4 Nc6 5. Nc3 Bg7 6. Be3 Nf6 7. Bc4 d6 8. f3 Qb6 9. Nf5 Qxb2 10. Nxg7+ Kf8 11. Nd5 Nxd5 12. Bxd5 Kxg7 13. Kf2 Qc3 14. Rb1 Re8 15. Rb3 Qa5 16. h4 h5 17. Qd3 f6 18. f4 Qc7 19. Rd1 Bg4 20. Rdb1 Rab8 21. f5 Ne5 22. Qd2 b6 23. Rc3 Qd7 24. Be6 Qb7 25. Qd4 Nd7 26. Bd5 Qa6 27. Rc7 Qe2+ 28. Kg1 Ne5 29. Bf2 Rbc8 30. Rxa7 Rxc2 31. Rf1 Bh3 32. Ra3 Rd2 33. Qe3 Qxe3 34. Rxe3 Bg4 35. Be6 Nd3 36. Bg3 Ra8 37. Rb1 Rb8 38. a4 Nc5 39. a5 b5 40. Bc4 b4 41. a6 Ra8 42. Rxb4 Nxa6 43. Rb7 Nc5 44. Rxe7+ Kh6 45. Rf7 Ra1+ 46. Kh2 gxf5 47. Rxf6+ Kg7 48. Rf7+ Kg6 49. exf5+ Bxf5 50. Ree7 Be4 51. Rg7+ Kf5 52. Ref7# 1-0

[Event "Ceske Budejovice op-A"]
[Site "Ceske Budejovice"]
[Date "2022.07.03"]
[Round "3"]
[White "Librelato, Kathie Goulart"]
[Black "Kovalskyi, Roman"]
[Result "1-0"]
[WhiteElo "2255"]
[BlackElo "2056"]
[PlyCount "51"]
[EventDate "2022.07.01"]
[EventType "swiss"]
[EventRounds "9"]
[EventCountry "CZE"]
[SourceTitle "CBM 209 Extra"]
[Source "ChessBase"]
[SourceDate "2022.09.30"]
[SourceVersion "1"]
[SourceVersionDate "2022.09.30"]
[SourceQuality "1"]

1. e4 c5 2. Nf3 g6 3. c4 Nc6 4. d4 cxd4 5. Nxd4 Nf6 6. Nc3 d6 7. Be2 Nxd4 8. Qxd4 Bg7 9. Be3 0-0 10. Qd2 a5 11. 0-0 a4 12. Bd4 Qa5 13. Rad1 Be6 14. f4 Rfc8 15. b3 axb3 16. axb3 Ne8 17. f5 Bd7 18. Nd5 Qd8 19. Bb6 Nc7 20. f6 Bf8 21. e5 Be6 22. fxe7 Bxe7 23. Nxe7+ Qxe7 24. exd6 Qh4 25. Bxc7 b5 26. d7 1-0